Movies Quiz

Random Movies or Disney Quiz

Never Have I Ever...(Disney Edition) Quiz Stats

 Plays Quiz Updated Jun 3, 2013

Also try: Disney-pedia
Challenge
Share
Tweet
Embed
Score 0/18 Timer 04:00
0 Plays Today
Never Have I Ever . . . Answer % Correct
. . . famously befriended an ape or a monkey: A. Aladdin | B. Tarzan | C. Tiana???
86.6%
. . . been placed under a sleeping spell: A. Aurora | B. Cinderella | C. Snow White???
81.6%
. . . kissed a prince: A. Mulan | B. Snow White | C. Belle???
79.1%
. . . had a bird as a sidekick: A. Prince Phillip | B. Jafar | C. Mufasa???
75.9%
. . . had human legs: A. Ariel | B. Ursula | C. King Triton???
75.4%
. . . spoken a word of dialogue: A. Bambi | B. Lilo | C. Dumbo???
75.1%
. . . been a minion of Hades in 'Hercules': A. Panic | B. Pain | C. Poverty???
70.8%
. . . fathered several offspring: A. Pongo | B. Mufasa | C. King Triton???
68.2%
. . . intended to kill Mowgli in 'The Jungle Book': A. Shere Khan | B. Bagheera | C. Kaa???
67.9%
Never Have I Ever . . . Answer % Correct
. . . become royalty by marriage: A. Cinderella | B. Tiana | C. Merida???
66.9%
. . . completed my original version in under 100 minutes: A. 'Pinocchio' | B. 'Fantasia' | C. 'Dumbo'???
66.8%
. . . been a minion of Scar in 'The Lion King': A. Shango | B. Banzai | C. Ed???
62.5%
. . . voiced Simba in the 'Lion King' movie: A. Bruce Reitherman | B. Jonathan Taylor Thomas | C. Matthew Broderick???
58.3%
. . . shared my first name with a song on my film's soundtrack: A. Gaston | B. Rapunzel | C. Cinderella???
53%
. . . sung an entire solo number, with no other vocal accompaniment: A. Lumière | B. Mrs. Potts | C. Belle???
46%
. . . won an Academy Award for Best Original Song: A. 'Cinderella' | B. 'Pocahontas' | C. 'Song of the South'???
40.2%
. . . been voiced by the same voice actor as another dwarf: A. Grumpy | B. Happy | C. Sleepy???
27.2%
. . . opened at #1 at the box office: A. 'Tarzan' | B. 'Beauty and the Beast' | C. 'Pocahontas'???
18.2%

You're not logged in!

Compare scores with friends on all Sporcle quizzes.
Join for Free
OR
Log In

You Might Also Like...

Show Comments

Extras

Top Quizzes Today


Score Distribution

Your Account Isn't Verified!

In order to create a playlist on Sporcle, you need to verify the email address you used during registration. Go to your Sporcle Settings to finish the process.

Report this User

Report this user for behavior that violates our Community Guidelines.

Details: